| 000 | 00787nam a2200181 4500 | ||
|---|---|---|---|
| 999 |
_c56826 _d56826 |
||
| 005 | 20190508203117.0 | ||
| 008 | 190508b2018 ру ||||| |||| 00| 0 рус d | ||
| 022 | _a2072-9669 | ||
| 041 | _aрус | ||
| 245 |
_aХранение и переработка сельхозсырья : _b2018 : Биотехнологии :Жизнесберегающие системы :Функциональное питание / _cГл.ред.:Балыхин М. Г. |
||
| 260 |
_aМоскжа, _c2018. |
||
| 300 | _aV. | ||
| 653 | _aბიოტეხნოლოგია | ||
| 653 | _aХранение и переработка сельхозсырья N 4 2018. | ||
| 653 | _aпериодика | ||
| 700 |
_aБалыхин М. Г. _eГлавный редактор _9917 |
||
| 942 |
_2udc _cCR |
||